|
|
|
|
| LEADER |
02093nam a2200577 i 4500 |
| 001 |
nkc20172894695 |
| 003 |
CZ PrNK |
| 005 |
20170629083052.0 |
| 007 |
ta |
| 008 |
170426s2017 xr e f 000 0 cze |
| 015 |
|
|
|a cnb002894695
|
| 020 |
|
|
|a 978-80-262-1203-4
|q (brožováno)
|
| 035 |
|
|
|a (OCoLC)993637994
|
| 040 |
|
|
|a ABA001
|b cze
|d BOA001
|e rda
|
| 041 |
1 |
|
|a cze
|h ger
|
| 072 |
|
7 |
|a 616.89
|x Psychiatrie
|2 Konspekt
|9 14
|
| 080 |
|
|
|a 159.97
|2 MRF
|
| 080 |
|
|
|a 616.89-008
|2 MRF
|
| 080 |
|
|
|a 159.9.072.5
|2 MRF
|
| 080 |
|
|
|a 159.97
|2 MRF
|
| 080 |
|
|
|a 616.89
|2 MRF
|
| 080 |
|
|
|a 615.851
|2 MRF
|
| 080 |
|
|
|a (0.062)
|2 MRF
|
| 100 |
1 |
|
|a Lütz, Manfred,
|d 1954-
|7 jo2008423236
|4 aut
|
| 240 |
1 |
0 |
|a Irre! Wir behandeln die Falschen - unser Problem sind die Normalen.
|l Česky
|
| 245 |
1 |
0 |
|a Kdo je tu vlastně blázen? :
|b zábavný úvod do psychiatrie a psychoterapie /
|c Manfred Lütz ; z německého originálu přeložila Kateřina Prešlová
|
| 250 |
|
|
|a Vydání první
|
| 264 |
|
1 |
|a Praha :
|b Portál,
|c 2017
|
| 300 |
|
|
|a 207 stran ;
|c 20 cm
|
| 336 |
|
|
|a text
|b txt
|2 rdacontent
|
| 337 |
|
|
|a bez média
|b n
|2 rdamedia
|
| 338 |
|
|
|a svazek
|b nc
|2 rdacarrier
|
| 650 |
0 |
7 |
|a duševní poruchy
|7 ph119647
|2 czenas
|
| 650 |
0 |
7 |
|a psychodiagnostika
|7 ph115947
|2 czenas
|
| 650 |
0 |
7 |
|a psychopatologie
|7 ph124819
|2 czenas
|
| 650 |
0 |
7 |
|a psychiatrie
|7 ph115943
|2 czenas
|
| 650 |
0 |
7 |
|a psychoterapie
|7 ph115954
|2 czenas
|
| 650 |
0 |
9 |
|a mental disorders
|2 eczenas
|
| 650 |
0 |
9 |
|a psychodiagnostics
|2 eczenas
|
| 650 |
0 |
9 |
|a psychopathology
|2 eczenas
|
| 650 |
0 |
9 |
|a psychiatry
|2 eczenas
|
| 650 |
0 |
9 |
|a psychotherapy
|2 eczenas
|
| 655 |
|
7 |
|a populárně-naučné publikace
|7 fd131864
|2 czenas
|
| 655 |
|
9 |
|a popular works
|2 eczenas
|
| 700 |
1 |
|
|a Prešlová, Kateřina,
|d 1975-
|7 xx0204840
|4 trl
|
| 910 |
2 |
|
|a BOA001
|b 1-1389.319
|
| 990 |
|
|
|a BK
|
| 995 |
|
|
|a 01
|
| 991 |
|
|
|b 201706
|c NOV
|
| 996 |
6 |
|
|b 2610709979
|c 1-1389.319
|l MZK
|r Sklad / do 1 hodiny
|n 2
|p p.v.
|w 001614959
|u 000010
|a 1
|e BOA001
|j MZK50
|s P
|
| 996 |
7 |
|
|b 2610712882
|c 1-1389.319
|l MZK
|r Sklad / do 1 hodiny
|n 13
|p kup
|w 001614959
|u 000020
|a 1
|e BOA001
|j MZK50
|s A
|